00545nam a2200193Ii 4500001000400000003000900004008004100013020001500054040003300069041000800102084001100110100002000121245005400141264006300195300001200258336002600270337002800296338002700324855CO-ViMGA241108s9999||||xx |||||||||||||| ||und|| a9586331822 aCO-ViMGAbspaerdacCO-ViMGA0 aspa aN DAU11 aAlphonse Daudet10aAventuras prodigiosas de Tartarín de Tarascón 1a[Lugar de publicación no identificado] : Rei Andes, 2000 avolumen atextbtxt2rdacontent aunmediatedbn2rdamedia avolumebnc2rdacarrier